| 000 | 00447nam a22001697a 4500 | ||
|---|---|---|---|
| 005 | 20130618111809.0 | ||
| 010 | _aENG-107627 | ||
| 020 |
_a109350570254 _c110.00 |
||
| 020 |
_a9789350570258 _c110.00 |
||
| 035 | _aEN-91160 | ||
| 037 | _bDBAD/PUB | ||
| 245 |
_aQuiz time : _bon the go / |
||
| 260 |
_bV and S Publishers _c2013 |
||
| 270 |
_aF-2/16, Ansari Road, Daryagunj _bNew Delhi _e110002 |
||
| 300 |
_a138p. _c23cm(pbk) |
||
| 942 |
_2ddc _cEN _mQUI |
||
| 999 |
_c76730 _d76730 |
||